00733 2200277 4500001002100000005001700021008004100038020001800079035002400097082001000121090002000131100001200151245007200163250001100235260004200246300002400288650002300312700001900335700001800354850001700372980001500389985000600404999001500410999001500425999001500440YOGYA-0209000006708420090227091937.0 ind  a979-605-462-0 0010-020900000067084 a028.5 a028.5bYog RlK aYOGI, D aRed, blue and yellowcD. Yodi ; editor, Retna Dewanti, Widya Kirana aCet. 1 aJakartabGramedia Pustaka Utamac1997 a21 hlmbilusc21 cm aBacaan kanak-kanak aDewanti, Retna aKirana, Widya aYOPDYOG(JSC) a14-12-2008 a3 a01B0002382 a01B0002383 a01B0002384